Monografía del café

Kaydedildi:
Detaylı Bibliyografya
Yazar: Carranza Solís, Jorge
Materyal Türü: Bilinmiyor
Baskı/Yayın Bilgisi: San José: Imprenta Nacional
Etiketler: Etiketle
Etiket eklenmemiş, İlk siz ekleyin!

MARC

LEADER 00000 a2200000 04500
001 17026
003
008 991231s d
040 |a CRAI/IIS  |c CRAI/IIS 
090 |a 008300  
100 |a Carranza Solís, Jorge  
245 |a Monografía del café  
260 |a San José:   |b Imprenta Nacional  
300 |a s.p.  
999 |c 5760  |d 5760